Statistics for Crowd-Sourced General Knowledge #8

Click here to take the quiz!

General Stats

  • This quiz has been taken 16,184 times
  • The average score is 14 of 20

Answer Stats

QuestionAnswer% Correct
What city does Batman protect?Gotham City
92%
What body part has 3 letters and starts with the letter T?Toe
91%
What South American city is overlooked by the Christ the Redeemer statue?Rio de Janeiro
91%
What was tested at Bikini Atoll in the 1940s and 1950s?Atomic bombs
85%
What is the official language of San Marino?Italian
84%
What first name did nearly 25% of British women have in the year 1800?Mary
80%
What type of Christianity is the most common in Russia?Russian Orthodox
79%
What famous artist had the initials PP?Pablo Picasso
77%
What is the name of the ship that transported the first English Pilgrims to Massachusetts?Mayflower
72%
What empire captured Constantinople in 1453? Ottoman Empire
71%
What sea does the Danube River flow into?Black Sea
69%
If A is Alfa and B is Bravo, what is F?Foxtrot
69%
Where does an arboreal creature typically live? In a tree
69%
What were the last words of Julius Caesar, according to Shakespeare?Et tu, Brute?
Then fall Caesar!
57%
What type of vehicle is an M1 Abrams?Tank
54%
What band has a bassist named Flea?Red Hot Chili Peppers
53%
Who was the brother of Zeus and Hades?Poseidon
52%
The Sahara is the world's second largest desert. What is the largest?Antarctica
51%
What is the best-selling Czech automaker?Škoda
37%
What "Minute Waltz" composer is usually considered the most famous Polish composer?Frédéric Chopin
34%

Score Distribution

Percentile by Number Answered

Percent of People with Each Score

Your Score History

You have not taken this quiz